Stars & planets

Bibliographic Details
Main Author: Lambert, David
Other Authors: Donohoe, Bill (illustrated)
Format: Book
Published: London : Watts Books , 1992
Series:New View
Subjects:

MARC

LEADER 00000cam a2200000 7i4500
001 0000007700
002 000008270
005 20000330.0
020 |a 0749608277 
090 0 0 |a J 030   |b LAM 
100 1 |a Lambert, David 
245 1 0 |a Stars & planets   |c David Lambert ; illustrated by Bill Donohoe & Tony Townsend 
260 |a London :   |b Watts Books ,   |c 1992 
300 |a 32p. :   |b ill. ;   |c 30cm. 
490 0 |a New View 
650 0 0 |a Star   |x Juvenile literature 
700 1 |a Donohoe, Bill ,   |e illustrated 
999 |a 052551   |b BUKU   |c PINJAMAN   |e PERPUSTAKAAN KOMUNITI PETALING JAYA